000 01073nam a22003377a 4500
003 CHAP
005 20220329143506.0
008 100202s1994 mx r 00010 spa d
010 _a97455
011 _a98427
020 _a9684330286
035 _a109112
040 _cCHAP
082 0 4 _a613.943
_bN68y 1994
100 1 _aNofziger, Margaret
_981543
245 1 0 _aControl natural de la natalidad
_c/por Margaret Nofziger
250 _a18 ed.
260 _aMéxico, D.F. :
_bPosada,
_c1994
300 _a126 p. :
_bilus., gráfs.
534 _pTít. original :
_tA cooperative method of natural birth control
590 _aBATCH-UPD
_b10
_c20130110
_lUCH01
_h1802
590 _aBATCH-UPD
_b10
_c20130410
_lUCH01
_h1138
590 _aBATCH-UPD
_b10
_c20130914
_lUCH01
_h1048
590 _aCONVERSION
_b10
_c20130109
_lUCH01
_h1354
650 1 4 _aControl de la natalidad.
_927594
650 1 4 _aFecundidad.
_939907
650 1 4 _aOvulación.
_984414
901 _aBK
942 _cLIBRO
949 _a613.943 N68y 1994
_bBC
_cLIBRO
_d33724002118181
_eLIBRO
_h111624
_i109112
_sb
_tddc
999 _c97455
_d97455